| 000 | 00442nam a2200133Ia 4500 | ||
|---|---|---|---|
| 008 | 260210s9999 xx 000 0 und d | ||
| 024 | _a16B-080-EL, 16B-076-EL & 16B-089-EL | ||
| 082 | _a004.98092 SYE | ||
| 100 | _aSyed Hamza Zar, Syed Rasim Shahid & Syed Daniyal Ahmed | ||
| 245 | 0 | _aScrew Based White Coal Machine | |
| 260 |
_aKarachi: _bUITU, _c2016 |
||
| 600 | _aElectronic Engineering | ||
| 650 | _aBachelor of Engineering (BE) | ||
| 999 |
_c33268 _d33268 |
||